Geography by Pictures (Medium-Hard) - F - Statistics

General Stats
  • This quiz has been taken 105 times
  • The average score is 7 of 14
Answer Stats
Picture Hint Answer % Correct
City in Italy Florence (Firenze)
98%
Pacific's Country Fiji
93%
South Atlantic Island Falkland Islands
73%
Capital City of Tuvalu Funafuti
70%
City in Pakistan Faisalabad
60%
City in Brazil Fortaleza
60%
Prefecture of Japan Fukuoka
54%
City in Germany Freiburg im Breisgau
47%
Landmark in the U.S. Flatiron Building
46%
Indonesian Island Flores Island
30%
River in North America Fraser River
24%
Province of China Fujian
23%
Emirates of U.A.E. Fujairah, Emirates of
13%
Mountain in South America Fitz Roy, Cello
10%
No matching quizzes found
Score Distribution
Percent of People with Each Score
Percentile by Number Answered
Your Score History
You have not taken this quiz